000 00516nam a2200169Ia 4500
003 GCL
008 140319s9999 xx 000 0 ara d
040 _aGCL /
_cGCL
082 0 4 _a891.709
_bر م
100 1 _aرمسيس عوض
245 1 0 _aمن ستالين الى جورباتشوف /
_cرمسيس عوض
300 _a378 ص
490 _aالهيئة العامة للاستعلامات
_v0
650 0 4 _aالادب الروسى
650 0 4 _aالادب الروسى - تاريخ ونقد
942 _2ddc
_cBK
999 _c52081
_d52081